Personnage des aventures de Tintin : Milou (Vol.I) - Statistiques

Statistiques générales
  • Ce quiz a été pris 39 fois
  • Le résultat moyen est 13 sur 18
Statistiques - réponses
Questions Réponses % Correct
Animal sacré aux Indes à qui Milou semble par ignorance manquer de respect. Une vache
92%
Boisson qui rend Milou ivre à plusieurs reprises au Royaume-Uni, ce qui lui vaut de sévères réprimandes de la part de Tintin. Du whisky
85%
Maladie dont Tintin prétend faussement que Milou est atteint, et ce dans le but de faire fuir un soldat qui gardait un avion, avant de s'emparer de celui-ci. La rage
85%
Animal dont la lenteur est, selon Milou, comparable à celle du paquebot Époméo sur lequel Tintin et lui sont partis en croisière. La tortue
85%
Détective britannique imaginé par Arthur Conan Doyle que Milou compare à plusieurs reprises à Tintin. Sherlock Holmes
85%
Plante qui pique Milou en Écosse, plante emblématique de cette nation. Un chardon
85%
Boisson que Tintin devait boire dans sa chambre d'hôtel à Shanghaï mais un mystérieux Chinois tire dessus de sorte que c'est Milou qui a bu de ce breuvage répandu à terre, ce qui l'a plongé dans un profond sommeil car les bandits y avait mis un narcotique. Du thé
77%
Race de chiens à laquelle appartient Milou. Un fox-terrier
77%
Roi d'Israël qui dût régler un litige entre deux femmes revendiquant le même enfant en menaçant de couper en deux cet enfant afin de révéler la vraie mère. Milou se souvient de cet épisode biblique lorsque Tintin a coupé en deux un chapeau que deux Congolais revendiquaient comme le leur. Salomon
73%
Personnages qui sauvent Milou de l'exécution pour le "sacrilège" qu'il a "commis" en attaquant un animal sacré. Dupond
69%
Personnages qui sauvent Milou de l'exécution pour le "sacrilège" qu'il a "commis" en attaquant un animal sac Dupont
69%
Ville d'Amérique à propos de laquelle Milou dit à son arrivée là-bas : "Prends garde, _______, nous voilà". Chicago
65%
Nom que Milou donne à cet animal : "Madame-la-[réponse précédente]-qui-regarde-passer-les-_____. Trains
65%
Géant philistin que Milou compare à ce buffle abattu. Goliath
62%
Animal qui mord la queue de Milou, faisant craindre à Tintin qu'il soit atteint de la psittacose. Un perroquet
58%
Roi d'Israël pour qui Milou se prend en trônant sur le cadavre d'un buffle. David
50%
Animal que Milou libère et attaque volontairement de sorte qu'indirectement, Tintin soit libéré de bandits qui voulait le forcer à sauter du haut de l'une des falaises de Douvres en Angleterre, pour faire croire à un accident. Une chèvre
50%
Bête qui saisit Milou par le cou sur l'Île noire mais est effrayée à chaque fois que ce dernier aboie (son nom). Ranko
35%
Aucun quiz correspondant
Distribution des résultats
% des personnes avec chaque résultat
Percentile par nombre de réponses
Votre historique - résultats
Vous n’avez pas pris ce quiz